Moral responsable: conciencia moral cristiana

Đã lưu trong:
Chi tiết về thư mục
Tác giả chính: Hortelano, Antonio (Tác giả)
Định dạng: Sách
Ngôn ngữ:Tiếng Tây Ban Nha
Được phát hành: Salamanca Sígueme 1971
Phiên bản:2a. ed
Loạt:Colección Verdad e Imagen, 12
Những chủ đề:
Các nhãn: Thêm thẻ
Không có thẻ, Là người đầu tiên thẻ bản ghi này!

MARC

LEADER 00000nam a2200000 a 4500
001 UCZ5337
003 CL-VaPUC
008 951117e19710000SP |||||||||||||||||spa|d
082 0 4 |a 241  |b HOR  |2 21 
100 |a Hortelano, Antonio  |e author  |9 600847 
245 1 0 |a Moral responsable: conciencia moral cristiana 
250 |a 2a. ed 
300 |a 355 p 
942 |c BK 
945 |d 19951117 00:00:00  |a lriquelm 
260 |a Salamanca  |b Sígueme  |c 1971 
650 0 |a Teología   |9 258766 
650 0 |a Ética  |9 255099 
650 0 |a Conceptos morales   |9 310606 
650 0 |a Conciencia  |9 309452 
650 7 |a DESARROLLO MORAL  |2 CL-VaPUC  |9 310605 
650 0 |a Virtud y vicio  |9 310637 
650 0 |a Creencia Religiosa  |9 316904 
583 |a last modification  |c 19951117 00:00:00  |k Rodrigo Vera 
490 0 |a Colección Verdad e Imagen, 12 
999 |c 241655  |d 241653 
952 |0 0  |1 0  |4 0  |6 241_000000000000000_HOR_1971  |7 0  |8 P  |9 254042  |a BIBEDU  |b BIBEDU  |c BIBEDU_PB  |d 2019-11-19  |i 1571664  |o 241 HOR 1971  |p 1571664  |r 2024-01-25  |w 2019-11-19  |y BK  |k FIL 
952 |0 0  |1 0  |4 0  |6 241_000000000000000_HOR_1971  |7 0  |8 A  |9 254043  |a BIBTEO  |b BIBTEO  |d 2019-11-19  |i 3384276  |o 241 HOR 1971  |p 3384276  |r 2025-01-17  |w 2019-11-19  |y BK  |k ICR 
952 |0 0  |1 0  |4 0  |6 241_000000000000000_HOR_1971  |7 0  |8 A  |9 254044  |a BIBTEO  |b BIBTEO  |d 2019-11-19  |i 3384284  |o 241 HOR 1971  |p 3384284  |r 2025-01-17  |w 2019-11-19  |y BK  |k ICR 
952 |0 0  |1 0  |4 0  |6 241_000000000000000_HOR_1971  |7 0  |8 A  |9 254045  |a BIBTEO  |b BIBTEO  |d 2019-11-19  |i 2082543  |o 241 HOR 1971  |p 2082543  |r 2025-01-17  |w 2019-11-19  |y BK  |k ICR 
952 |0 0  |1 0  |4 0  |6 241_000000000000000_HOR_1971  |7 0  |8 A  |9 254046  |a BIBTEO  |b BIBTEO  |d 2019-11-19  |i 2082551  |o 241 HOR 1971  |p 2082551  |r 2025-01-17  |w 2019-11-19  |y BK  |k ICR